Centroamérica y la deuda externa: rehenes del capital transnacional /

La situación de los países centroamericanos durante la década de 1980 fue muy desfavorable en el plano económico, lejos de superar los problemas financieros éstos se agudizaron debido al manejo que los países industrializados hicieron de la crisis ya que descargaron el mayor peso sobre los países po...

全面介绍

Guardado en:
书目详细资料
主要作者: Pérez Jerez, Cristóbal
格式: Texto
语言:Spanish
主题:
标签: 添加标签
没有标签, 成为第一个标记此记录!

MARC

LEADER 00000 a a2200000 04500
001 2852
003 cru CIDCACS/IIS
005 20230615104809.0
008 230615b |||||||| |||| 00| 0 spa d
040 |c cru CIDCACS/IIS 
100 |a Pérez Jerez, Cristóbal  
245 |a Centroamérica y la deuda externa:   |b rehenes del capital transnacional /  |c Cristóbal Pérez Jerez 
500 |a Colección Centroamérica 
520 |a La situación de los países centroamericanos durante la década de 1980 fue muy desfavorable en el plano económico, lejos de superar los problemas financieros éstos se agudizaron debido al manejo que los países industrializados hicieron de la crisis ya que descargaron el mayor peso sobre los países pobres. Estas circunstancias son las que han permitido tanto a los países desarrollados como a los organismos internacionales dar salidas unilaterales a la crisis, con ello los países pobres se ven obligados a cumplir los compromisos. Centroamérica ante estos problemas ha respondido en forma individual lo cual ha incidido en los resultados, los cuales no han sido los más satisfactorios. Una característica más es que las políticas planteadas son a corto plazo, por lo tanto no se da una solución global ni duradera a los problemas. Los países centroamericanos han visto incrementarse la deuda externa de 8 mil millones en 1980 a 20 mil millones en 1988, paralelamente se da con este incremento un desmejoramiento en las condiciones de vida, se agudizó la pobreza, se redujeron los servicios sociales, aumentó la inflación y bajó el poder adquisitivo. Actualmente en Centroamérica recaen los principales programas planteados, como lo son el manejo de la deuda y los ajustes estructurales. OB/MR  
650 |a PAISES EN DESARROLLO  
650 |a FMI  
650 |a PAISES DESARROLLADOS  
650 |a RECESION ECONOMICA  
650 |a POLITICA ECONOMICA  
650 |a FINANCIAMIENTO EXTERIOR  
650 |a BALANZA COMERCIAL  
650 |a NIVEL DE VIDA  
650 |a ESTABILIZACION ECONOMICA  
650 |a POLITICA ECONOMICA  
650 |a POLITICA SOCIAL  
650 |a CRISIS ESTRUCTURAL  
650 |a DEUDA EXTERNA  
650 |a CRECIMIENTO DEMOGRAFICO  
650 |a PRODUCTO INTERNO BRUTO  
773 |g número 2; páginas 12-15  
773 0 |0 43063  |9 4586  |a FLACSO, Costa Rica  |d San José, Costa Rica, FLACSO  |o 22914  |t Centroamérica Internacional / 
942 |2 ddc  |c PP 
999 |c 37210  |d 37210